Battleships of Kaiserliche Marine (Imperial German Navy) - Statistics

General Stats
  • This quiz has been taken 279 times
  • The average score is 22 of 43
Answer Stats
Hint Answer % Correct
Kaiser Class SMS Kaiser
94%
Bayern Class SMS Bayern
93%
König Class SMS König
93%
Nassau Class SMS Nassau
93%
Brandenburg Class SMS Brandenburg
90%
Deutschland Class SMS Deutschland
85%
Helgoland Class SMS Helgoland
84%
Wittelsbach Class SMS Wittelsbach
84%
Braunschweig Class SMS Braunschweig
82%
Kaiser Friedrich III Class SMS Kaiser Friedrich III
75%
Bayern Class SMS Baden
72%
Deutschland Class SMS Schleswig-Holstein
62%
Deutschland Class SMS Pommern
60%
Deutschland Class SMS Schlesien
54%
Deutschland Class SMS Hannover
51%
Kaiser Class SMS Kaiserin
49%
Helgoland Class SMS Thüringen
49%
Braunschweig Class SMS Hessen
47%
Wittelsbach Class SMS Mecklenburg
46%
Nassau Class SMS Westfalen
46%
Helgoland Class SMS Oldenburg
45%
Braunschweig Class SMS Preussen
45%
Kaiser Class SMS Friedrich der Grosse
44%
König Class SMS Kronprinz
44%
Nassau Class SMS Rheinland
44%
Helgoland Class SMS Ostfriesland
43%
Nassau Class SMS Posen
43%
König Class SMS Markgraf
41%
Kaiser Friedrich III Class SMS Kaiser Wilhelm II
40%
König Class SMS Grosser Kurfürst
37%
Kaiser Class SMS König Albert
36%
Kaiser Class SMS Prinzregent Luitpold
36%
Braunschweig Class SMS Lothringen
35%
Braunschweig Class SMS Elsass
34%
Wittelsbach Class SMS Wettin
32%
Kaiser Friedrich III Class SMS Kaiser Barbarossa
27%
Kaiser Friedrich III Class SMS Kaiser Karl der Grosse
26%
Brandenburg Class SMS Wörth
25%
Wittelsbach Class SMS Schwaben
24%
Brandenburg Class SMS Weissenburg
22%
Wittelsbach Class SMS Zähringen
21%
Kaiser Friedrich III Class SMS Kaiser Wilhelm der Grosse
20%
Brandenburg Class SMS Kurfürst Friedrich Wilhelm
19%
No matching quizzes found
Score Distribution
Percent of People with Each Score
Percentile by Number Answered
Your Score History
You have not taken this quiz